MDQL
is popping MORE tags! Check the
thread
!
Quizzes
Events
Quiz Creation
Community
Videos
Private Events
Remove Ads
Sign In
Join for FREE
Feedback
Dark Mode
Quiz Categories
Sports
Geography
Music
Movies
Television
Just For Fun
Miscellaneous
History
Literature
Language
Science
Gaming
Entertainment
Religion
Holiday
For Kids
Quiz Lab
Recent
Popular Today
Quiz Kudos Today
Editor Picks
Curator Picks
Quizzes by...
Day
Popularity
Type
Ratings
Length
Year
Community
Subscriptions
Recent Discussions
Orange Saloon
Badges
Playlists
Quests
Create
Leaderboards
Showdown
Live 5
Trivia Bingo
Activity
Puzzle Library
Sporcle Events
Private Events
Virtual Trivia
Globe League
Become a Host
Pub Owners
SporcleCon
Opinionation
Our Games
Videos
Blog
Mobile Apps
Partnerships
Remove Ads and Go Orange
Feedback
Sports
Athletes
MLB
NBA
NHL
NFL
Soccer
Sports Teams
WWE
NCAA
Football
Premier League
Basketball
Baseball
Hockey
Golf
Tennis
Cricket
Rugby
Auto Racing
Olympics
World Cup
Sports
Athletes
MLB
NBA
NHL
NFL
Soccer
Sports Teams
WWE
NCAA
Football
Premier League
Basketball
Baseball
Hockey
Golf
Tennis
Cricket
Rugby
Auto Racing
Olympics
World Cup
Random Quiz
Search Sporcle
×
Quiz Lab
Quiz Lab
Sports
UEFA Competitions
Type in answers that appear in a list
Type in answers that appear in a list
Classic
Best Score? Go Orange.
UEFA Champions League Winners Stats
Can you name the UEFA Champions League winners?
By
LiamAllen
3m
55 Questions
134 Plays
134 Plays
134 Plays
Comments
Comments
Give Quiz Kudos
Give Quiz Kudos
-
- Ratings
hide this ad
Replay
Link that replays current quiz
Next Quiz
Link to next quiz in quiz playlist
You Got
0%
They Got
Avg Score
91%
Avg Friend Score
Upgrade to see
Score Distribution
Jump to the score distribution portion of the page
Score
0/55
Timer
03:00
0
Plays Today
Year
Team
% Correct
1963
AC Milan
100%
1969
AC Milan
100%
1989
AC Milan
100%
1990
AC Milan
100%
1992
Barcelona
100%
1994
AC Milan
100%
2003
AC Milan
100%
2006
Barcelona
100%
2007
AC Milan
100%
2009
Barcelona
100%
1968
Manchester United
99.2%
1977
Liverpool
99.2%
1978
Liverpool
99.2%
1981
Liverpool
99.2%
1984
Liverpool
99.2%
1999
Manchester United
99.2%
2005
Liverpool
99.2%
2008
Manchester United
99.2%
1956
Real Madrid
98.5%
1957
Real Madrid
98.5%
1958
Real Madrid
98.5%
1959
Real Madrid
98.5%
1960
Real Madrid
98.5%
1964
Internazionale
98.5%
1965
Internazionale
98.5%
1966
Real Madrid
98.5%
1998
Real Madrid
98.5%
2000
Real Madrid
98.5%
Year
Team
% Correct
2002
Real Madrid
98.5%
2010
Internazionale
98.5%
1974
Bayern Munich
97%
1975
Bayern Munich
97%
1976
Bayern Munich
97%
2001
Bayern Munich
97%
1971
Ajax
96.2%
1972
Ajax
96.2%
1973
Ajax
96.2%
1985
Juventus
96.2%
1995
Ajax
96.2%
1996
Juventus
96.2%
1961
Benfica
90.2%
1962
Benfica
90.2%
1987
FC Porto
84.2%
2004
FC Porto
84.2%
1979
Nottingham Forest
80.5%
1980
Nottingham Forest
80.5%
1967
Celtic
73.7%
1993
Olympique de Marseille
73.7%
1982
Aston Villa
72.2%
1997
Borussia Dortmund
71.4%
1983
Hamburg
67.7%
1991
Red Star Belgrade
63.9%
1988
PSV Eindhoven
62.4%
1986
Steaua Bucureşti
54.1%
1970
Feyenoord
48.1%
Quiz Playlist
Details
Report
Send in Message
Add To Playlist
Classic:
Type in answers that appear in a list
Last Updated: Feb 16, 2017
Quiz Scoreboard
CHALLENGE
Sign Up to Join the Scoreboard
Show All
Scores
Hide
Comments
May contain spoilers
Recently Published
Holiday 10x10 Sorting Gallery
by lukepisani3
Holiday
15m
Two Season TV Shows II
by 123Four
Television
10m
Image Sorting: Flags VI
by Barbecue
Geography
2m
More to Explore
Quiz From the Vault
Featured Blog Post
14 Easter Pick-up Lines to Find Eggs With
hide this ad
You Might Also Like...
Tags
1956
2010
UEFA
UEFA Champions' League
UEFA Competitions
Winner
Today's Top Quizzes in Sports
Browse Sports
hide this ad
Today's Top Quizzes in UEFA Competitions
Browse UEFA Competitions
Top Contributed Quizzes in Sports
1
Les meilleurs buteurs des matchs entre le PSG et l’OM
2
Les entraîneurs de l'OM et du PSG au 21e siècle
3
2022 World Cup Stars
4
Les joueurs passés par le PSG et l'OM
5
Players with Multiple 50 Home Run Seasons
6
FIFA Club World Cup Champions
7
Criteria MLB: Left Handed Sluggers
8
Les joueurs passés par le LOSC et le RC Lens
9
Top 10 NHL Goal Scorers of All Time
10
NBA Logic Puzzle 2.0
Explore More
Trending Topics
NBA
Marvel
Harry Potter
Kpop
Anime
Crossword
Disney
WWE
Country
Song
Pokémon
The Office
NFL
Soccer
Puzzle
hide this ad
More By:
LiamAllen
Quiz
Plays
Rating
Category
Featured
Created
History Who Wants To Be A Millionaire
38,354
4.15
History
May 1, 2011
UK Who Wants To Be A Millionaire
10,211
4.14
Miscellaneous
Apr 30, 2011
The Ultimate Family Guy Quiz
6,661
3.29
Television
Mar 8, 2011
Manchester United Starting XIs
4,005
4.33
Sports
Mar 5, 2011
Surprising Nationalities of Famous People
2,759
3.84
Miscellaneous
Feb 27, 2011
Go to Creator's Profile
Score Distribution
Quiz Creator Spotlight
LiamAllen
Follow
Send a Message
Quizzes Created
-
Created Quiz Play Count
-
More By This Creator
Popular Quizzes Today
1
Find the US States - No Outlines Minefield
2
Colored Red Africa Blitz
3
Find the 'City' Movie
4
The Countries of the World
5
5x2 Blitz: Bands
6
Find the Countries of Europe - No Outlines Minefield
7
Find the US States
8
US States
More Sports Quizzes
Anyone but Kumar Sangakkara...
Quiz Lab
Trending Quizzes
Colored Red Europe Blitz I
Colored Red Africa Blitz II
Colored Red Europe Blitz II
Even More Two Season TV Shows
Colored Red Africa Blitz III
Recently Updated
Quick Pick: 20 Twenties
pecheneg
March Madness Men's Triple Doubles
pecheneg
How Do You Spell That?
pecheneg
Godzilla Movies
pecheneg
Grab Bag: 4-10 Letters
pecheneg
2024 March Madness Bracket
pecheneg
Famous TV Couples
Peacemaker
Champions League XIs: Real Madrid
pecheneg
Largest US Cities 1790-2010
pecheneg
Rides in Walt Disney World
pecheneg
Trending Topics
Crossword
Kpop
Marvel
Disney
Harry Potter
Anime
NBA
Country
NFL
Puzzle
Soccer
WWE
Pokémon
The Office
Song
Your Account Isn't Verified!
In order to create a playlist on Sporcle, you need to verify the email address you used during registration. Go to your
Sporcle Settings
to finish the process.
Report this User
Report this user for behavior that violates our
Community Guidelines
.
Details:
Send Report
Go to the Sporcle.com Mobile Site →
Comments